HEALTH SAFETY AND NUTRITION FOR THE YOUNG CHILD / (Record no. 615575)
[ view plain ]
| 000 -LEADER | |
|---|---|
| fixed length control field | 00362nam a22001337a 4500 |
| 020 ## - INTERNATIONAL STANDARD BOOK NUMBER | |
| Qualifying information | PB. |
| 040 ## - CATALOGING SOURCE | |
| Transcribing agency | FIZZA ISHAQ |
| 082 ## - DEWEY DECIMAL CLASSIFICATION NUMBER | |
| Classification number | 649 |
| Author Mark | LYN |
| 100 ## - MAIN ENTRY--PERSONAL NAME | |
| Personal name | MAROTZ,R.LYNN. |
| 9 (RLIN) | 132365 |
| 245 ## - TITLE STATEMENT | |
| Title | HEALTH SAFETY AND NUTRITION FOR THE YOUNG CHILD / |
| Statement of responsibility, etc. | LYNN R.MARTOZ. |
| 260 ## - PUBLICATION, DISTRIBUTION, ETC. | |
| Place of publication, distribution, etc. | CANADA; |
| Name of publisher, distributor, etc. | DELMAR PUBLISHING, |
| Date of publication, distribution, etc. | 1985. |
| 300 ## - PHYSICAL DESCRIPTION | |
| Extent | 497 P. ; |
| Dimensions | 9.4X7.5IN |
| 942 ## - ADDED ENTRY ELEMENTS (KOHA) | |
| Source of classification or shelving scheme | |
| Koha item type | Book |
| Withdrawn status | Lost status | Source of classification or shelving scheme | Damaged status | Not for loan | Permanent Location | Current Location | Shelving location | Date acquired | Total Checkouts | Full call number | Barcode | Date last seen | Price effective from | Koha item type |
|---|---|---|---|---|---|---|---|---|---|---|---|---|---|---|
| NUST Baluchistan Campus (NBC) | NUST Baluchistan Campus (NBC) | Text Books | 12/17/2025 | 649 LYN | QD-888 | 12/17/2025 | 12/17/2025 | Book |
